00778nam a22002172 4500001001100000005001700011008004100028020001700069040001500086245016500101250001400266260002900280300001900309650003500328700003000363852001400393908001100407950000600418999001500424952012100439000001887420151217152137.0100811s xx 000 0 eng d a812390911x : aKABUcKABU10aSavill's system of clinical medicine :bdealing with the diagnosis, prognosis and treatment of disease for students and practitioners /cedited by E. C. Warner. a14th ed. aNew Delhi :bCBS,c1964. axxiv, 1496 p. 0aClinical medicine.@00001449351 aWarner, E. C.@00001783161 9p1190 KES a100811 @1 c8691d8691 00102lcc70aKABUbKABUd2015-12-17l1oRC46 .S28 1964 c. 1p24324r2017-06-15 00:00:00s2017-05-29w2015-12-17yBK